000 00429nam a2200169Ia 4500
008 151213s9999 xx 000 0 und d
082 _a658
_b658
100 _aK.Aswathappa
245 _aEssentials of Business Environment
_cK.Aswathappa
250 _a7th
260 _aNew Delhi
_bHimalaya Publication House
_c2008
300 _a9801 p.
650 _aBusiness
650 _aBusiness
700 _aK.Aswathappa
999 _c4801
_d4801